[Event "Titled Tuesday intern op 17th May Early"]
[Site "Chess.com INT"]
[Date "2022.05.17"]
[Round "1"]
[White "Fernandez, Daniel"]
[Black "Garagulya, Konstantin"]
[Result "1-0"]
[WhiteElo "2443"]
[BlackElo "2389"]
[PlyCount "79"]
[EventDate "2022.05.17"]
[EventType "swiss (blitz)"]
[EventRounds "11"]
[EventCountry "USA"]
[SourceTitle "CBM 208 Extra"]
[Source "ChessBase"]
[SourceDate "2022.07.31"]
[SourceVersion "1"]
[SourceVersionDate "2022.07.31"]
[SourceQuality "1"]

1. e4 c5 2. Nf3 a6 3. c3 d5 4. exd5 Qxd5 5. d4 Nf6 6. Be2 cxd4 7. cxd4 e6 8. Nc3 Qd6 9. 0-0 Nc6 10. Bg5 Be7 11. Re1 0-0 12. Bd3 Rd8 13. Qe2 Nxd4 14. Nxd4 Qxd4 15. Rad1 Qc5 16. Ne4 Nxe4 17. Bxe7 Qxe7 18. Qxe4 g6 19. h4 Rb8 20. h5 Bd7 21. hxg6 hxg6 22. Re3 Bc6 23. Qe5 Qd6 24. Qf6 Qd4 25. Qg5 Qd5 26. Qg3 Qh5 27. Rde1 Rbc8 28. Re5 Qh6 29. Bb1 Rd5 30. R5e4 Rg5 31. Rg4 Rxg4 32. Qxg4 Kg7 33. Qd4+ Kg8 34. Re3 Qg7 35. Qd6 Qf6 36. Rh3 Rd8 37. Qc7 Rd1+ 38. Kh2 Qd8 39. Qe5 Qd6 40. Rh8# 1-0

[Event "Titled Tuesday intern op 26th Apr Early"]
[Site "Chess.com INT"]
[Date "2022.04.26"]
[Round "3"]
[White "Fernandez, Daniel"]
[Black "Andreikin, Dmitry"]
[Result "0-1"]
[WhiteElo "2444"]
[BlackElo "2729"]
[PlyCount "92"]
[EventDate "2022.04.26"]
[EventType "swiss (blitz)"]
[EventRounds "11"]
[EventCountry "USA"]
[SourceTitle "CBM 208 Extra"]
[Source "ChessBase"]
[SourceDate "2022.07.31"]
[SourceVersion "1"]
[SourceVersionDate "2022.07.31"]
[SourceQuality "1"]

1. e4 c5 2. Nf3 Nc6 3. d4 cxd4 4. Nxd4 e6 5. Nc3 Qc7 6. a3 a6 7. Be3 Nf6 8. f4 d6 9. Qf3 Bd7 10. 0-0-0 h5 11. h3 Rc8 12. Kb1 h4 13. g4 hxg3 14. Qxg3 b5 15. Nxc6 Bxc6 16. Bg2 Bxe4 17. Nxe4 Qxc2+ 18. Ka1 Nxe4 19. Qf3 Nc5 20. Rc1 Qd3 21. Rcd1 Nb3+ 22. Ka2 Qc4 23. Kb1 Qc2+ 24. Ka2 Qc4 25. Kb1 d5 26. Qf2 Bc5 27. f5 0-0 28. Bxc5 Nxc5 29. f6 Ne4 30. Bxe4 Qxe4+ 31. Ka1 Rc2 32. Qg3 Rg2 33. Qc3 g6 34. h4 Kh7 35. h5 g5 36. Rhe1 Qc2 37. Qb4 a5 38. Qxb5 a4 39. Rc1 Qb3 40. Qxb3 axb3 41. Rc3 Rb8 42. Rc7 Kg8 43. h6 Rh2 44. Rg1 Rxh6 45. Rxg5+ Kf8 46. Rg1 Rxf6 0-1

[Event "Titled Tuesday intern op 26th Apr Early"]
[Site "Chess.com INT"]
[Date "2022.04.26"]
[Round "5"]
[White "Fernandez, Daniel"]
[Black "Chojnacki, Slawomir"]
[Result "1/2-1/2"]
[WhiteElo "2444"]
[BlackElo "2198"]
[PlyCount "58"]
[EventDate "2022.04.26"]
[EventType "swiss (blitz)"]
[EventRounds "11"]
[EventCountry "USA"]
[SourceTitle "CBM 208 Extra"]
[Source "ChessBase"]
[SourceDate "2022.07.31"]
[SourceVersion "1"]
[SourceVersionDate "2022.07.31"]
[SourceQuality "1"]

1. e4 c6 2. d4 d5 3. exd5 cxd5 4. Bd3 Nf6 5. c3 Nc6 6. Bf4 g6 7. Nf3 Bf5 8. Bxf5 gxf5 9. 0-0 e6 10. Nbd2 Bd6 11. Bg5 Be7 12. Nb3 Ne4 13. Bf4 Bd6 14. Bxd6 Qxd6 15. Nc1 0-0 16. Nd3 Kh8 17. Nfe5 Nxe5 18. Nxe5 f6 19. Nd3 Rg8 20. f3 Ng5 21. Qe2 Rg6 22. Rae1 Rag8 23. Kh1 Qxh2+ 24. Kxh2 Rh6+ 25. Kg1 Nh3+ 26. Kh2 Nf4+ 27. Kg1 Nh3+ 28. Kh2 Nf4+ 29. Kg1 Nh3+ 1/2-1/2

[Event "Titled Tuesday intern op 29th Mar Late"]
[Site "Chess.com INT"]
[Date "2022.03.29"]
[Round "1"]
[White "Derraugh, Geordie"]
[Black "Fernandez, Daniel"]
[Result "0-1"]
[WhiteElo "2202"]
[BlackElo "2444"]
[PlyCount "102"]
[EventDate "2022.03.29"]
[EventType "swiss (blitz)"]
[EventRounds "11"]
[EventCountry "USA"]
[SourceTitle "CBM 207 Extra"]
[Source "ChessBase"]
[SourceDate "2022.05.31"]
[SourceVersion "1"]
[SourceVersionDate "2022.05.31"]
[SourceQuality "1"]

1. e4 c5 2. c3 Nf6 3. e5 Nd5 4. d4 cxd4 5. Nf3 e6 6. cxd4 d6 7. Nc3 Nxc3 8. bxc3 Qc7 9. Bd2 Nd7 10. exd6 Bxd6 11. Bd3 b6 12. h3 Bb7 13. 0-0 0-0 14. Re1 Bf4 15. Rc1 Rac8 16. Qe2 Bxf3 17. gxf3 Bxd2 18. Qxd2 Nf6 19. Qg5 Nd5 20. Re4 Nxc3 21. Rg4 g6 22. Rc2 Qd8 23. Qh6 Qf6 24. h4 Nd5 25. h5 Qxf3 26. Rg3 Qd1+ 27. Kg2 Rxc2 28. hxg6 Rxf2+ 29. Kxf2 fxg6+ 30. Kg2 Nf4+ 31. Kh2 Qd2+ 32. Kh1 Qe1+ 33. Rg1 Qe3 34. Bxg6 Qh3+ 35. Qxh3 Nxh3 36. Rg3 Nf2+ 37. Kg2 hxg6 38. Rxg6+ Kf7 39. Rh6 Ke7 40. Rh7+ Kd6 41. Rxa7 Ng4 42. Kg3 Ne3 43. a4 Nc4 44. Rg7 Rf1 45. Kg2 Rd1 46. Kf3 Rxd4 47. Ke2 e5 48. Rg6+ Kc5 49. Rg8 Na5 50. Rc8+ Nc6 51. Re8 Rxa4 0-1

[Event "Titled Tuesday intern op 29th Mar Early"]
[Site "Chess.com INT"]
[Date "2022.03.29"]
[Round "5"]
[White "Fernandez, Daniel"]
[Black "Shandrygin, Nikita"]
[Result "1-0"]
[WhiteElo "2444"]
[BlackElo "2209"]
[PlyCount "80"]
[EventDate "2022.03.29"]
[EventType "swiss (blitz)"]
[EventRounds "11"]
[EventCountry "USA"]
[SourceTitle "CBM 207 Extra"]
[Source "ChessBase"]
[SourceDate "2022.05.31"]
[SourceVersion "1"]
[SourceVersionDate "2022.05.31"]
[SourceQuality "1"]

1. e4 c5 2. Nf3 e6 3. d4 cxd4 4. Nxd4 Nf6 5. Nc3 Nc6 6. Ndb5 Bb4 7. a3 Bxc3+ 8. Nxc3 d5 9. exd5 Nxd5 10. Bd2 0-0 11. Qf3 Nd4 12. Qe4 Nf6 13. Qd3 e5 14. 0-0-0 Bf5 15. Qg3 Bxc2 16. Bd3 Bxd3 17. Qxd3 Nb3+ 18. Kc2 Qxd3+ 19. Kxd3 Rfd8+ 20. Kc2 Nxd2 21. Rxd2 Rxd2+ 22. Kxd2 Rd8+ 23. Ke2 Kf8 24. Rc1 Rc8 25. h3 a6 26. Rd1 Ke7 27. g4 h6 28. Ke3 Ke6 29. f4 exf4+ 30. Kxf4 Rc4+ 31. Kf3 Nd7 32. Rd2 Ne5+ 33. Kf2 h5 34. gxh5 Rh4 35. Ne2 Kf6 36. Rd6+ Kg5 37. Ng3 Rxh3 38. Kg2 Kh4 39. Rd4+ Ng4 40. Nf5+ Kg5 1-0

[Event "Titled Tuesday intern op 29th Mar Late"]
[Site "Chess.com INT"]
[Date "2022.03.29"]
[Round "5"]
[White "Paravyan, David"]
[Black "Fernandez, Daniel"]
[Result "1-0"]
[WhiteElo "2617"]
[BlackElo "2444"]
[PlyCount "145"]
[EventDate "2022.03.29"]
[EventType "swiss (blitz)"]
[EventRounds "11"]
[EventCountry "USA"]
[SourceTitle "CBM 207 Extra"]
[Source "ChessBase"]
[SourceDate "2022.05.31"]
[SourceVersion "1"]
[SourceVersionDate "2022.05.31"]
[SourceQuality "1"]

1. e4 c5 2. Nf3 d6 3. d4 cxd4 4. Nxd4 Nf6 5. Nc3 a6 6. Bg5 e6 7. f4 h6 8. Bh4 Be7 9. Qf3 Qc7 10. Bd3 Nbd7 11. 0-0 b5 12. a3 Bb7 13. Rae1 0-0 14. Kh1 Rac8 15. Qh3 Nc5 16. Bf2 Nxd3 17. cxd3 Rfe8 18. Rc1 Qb8 19. Be3 Bf8 20. Rc2 Ba8 21. b4 Rc7 22. Rfc1 Rec8 23. Qf3 Qb7 24. h3 Nd7 25. Nb3 Qb8 26. Qd1 Be7 27. Na5 Bf6 28. Ne2 Nb6 29. Bd4 Be7 30. Qd2 Na4 31. Ba1 Bd8 32. Nb3 Rxc2 33. Rxc2 Rxc2 34. Qxc2 Qc7 35. Qd2 Qc6 36. Na5 Bxa5 37. bxa5 Qc5 38. Qb4 Qf2 39. Qd4 Qxd4 40. Bxd4 Nc5 41. Nc1 Kf8 42. Kg1 g6 43. Kf2 h5 44. g4 hxg4 45. hxg4 Ke7 46. g5 Bb7 47. Ke3 Kd7 48. Kd2 Ke7 49. Kc2 Kd7 50. Bc3 d5 51. Bb4 Kc6 52. e5 Nd7 53. Nb3 Kc7 54. Kc3 Kc6 55. Bd6 Bc8 56. Kb4 Kb7 57. Be7 Kc6 58. Nd2 Bb7 59. Nf3 Kc7 60. Nd4 Bc8 61. Ne2 Bb7 62. Bd6+ Kd8 63. Nd4 Kc8 64. Nf3 Kd8 65. Kc3 Kc8 66. Kd4 Kd8 67. Nh2 Kc8 68. Ng4 Kd8 69. Nh6 Ke8 70. Ng8 Kd8 71. Be7+ Kc7 72. Nh6 Nb8 73. Bd6+ 1-0

[Event "Titled Tuesday intern op 22 Mar Late"]
[Site "Chess.com INT"]
[Date "2022.03.22"]
[Round "5"]
[White "Fernandez, Daniel"]
[Black "Petrova, Irina"]
[Result "1-0"]
[WhiteElo "2444"]
[BlackElo "2127"]
[PlyCount "41"]
[EventDate "2022.03.22"]
[EventType "swiss (blitz)"]
[EventRounds "11"]
[EventCountry "USA"]
[SourceTitle "CBM 207 Extra"]
[Source "ChessBase"]
[SourceDate "2022.05.31"]
[SourceVersion "1"]
[SourceVersionDate "2022.05.31"]
[SourceQuality "1"]

1. e4 d6 2. d4 Nf6 3. Nc3 e5 4. Nf3 Nbd7 5. Rg1 g6 6. g4 Bg7 7. Be3 0-0 8. Qd2 exd4 9. Nxd4 Nc5 10. f3 a6 11. 0-0-0 b5 12. e5 dxe5 13. Ndxb5 Qxd2+ 14. Rxd2 Nb3+ 15. cxb3 axb5 16. Bc5 Re8 17. Bxb5 Bb7 18. Bxe8 Rxe8 19. g5 Nh5 20. Rgd1 Bxf3 21. Rd8 1-0

[Event "Titled Tuesday intern op 22 Mar Early"]
[Site "Chess.com INT"]
[Date "2022.03.22"]
[Round "3"]
[White "Gatterer, Florian"]
[Black "Fernandez, Daniel"]
[Result "0-1"]
[WhiteElo "2165"]
[BlackElo "2444"]
[PlyCount "110"]
[EventDate "2022.03.22"]
[EventType "swiss (blitz)"]
[EventRounds "11"]
[EventCountry "USA"]
[SourceTitle "CBM 207 Extra"]
[Source "ChessBase"]
[SourceDate "2022.05.31"]
[SourceVersion "1"]
[SourceVersionDate "2022.05.31"]
[SourceQuality "1"]

1. Nf3 d5 2. d4 Nf6 3. g3 c6 4. Bg2 Bg4 5. Ne5 Bf5 6. c4 e6 7. Nc3 Nbd7 8. Qb3 Qc8 9. cxd5 exd5 10. 0-0 Be7 11. Bf4 0-0 12. Rac1 Be6 13. h3 Nxe5 14. Bxe5 Bxh3 15. Bxf6 Bxf6 16. e3 Bxg2 17. Kxg2 Qd7 18. Rh1 g6 19. Rh2 h5 20. Rch1 Kg7 21. Ne2 Rh8 22. Nf4 Rab8 23. Qd1 Qf5 24. f3 Rbe8 25. Kf2 Bg5 26. g4 hxg4 27. Rxh8 Rxh8 28. Rxh8 Kxh8 29. fxg4 Bh4+ 30. Kg1 Qe4 31. Ng2 Bg5 32. Kf2 Kg7 33. Qb3 b6 34. Qa3 Qc2+ 35. Kf3 a5 36. Qd6 Qxb2 37. Qxc6 Qxa2 38. Qxb6 a4 39. Qd6 a3 40. Nf4 Bxf4 41. Qxf4 Qc4 42. Qe5+ Kh7 43. Qh2+ Kg8 44. Qb8+ Kg7 45. Qe5+ Kf8 46. Qb8+ Ke7 47. Qe5+ Kd7 48. Qg7 Qf1+ 49. Kg3 a2 50. Qe5 Qg1+ 51. Kf3 Qh1+ 52. Kg3 a1Q 53. Qf6 Qag1+ 54. Kf4 Qf2+ 55. Kg5 Qhh4# 0-1

[Event "Novi Sad TS GM 228th"]
[Site "Novi Sad"]
[Date "2021.12.01"]
[Round "2"]
[White "Drazic, Sinisa"]
[Black "Fernandez, Daniel"]
[Result "1/2-1/2"]
[WhiteElo "2324"]
[BlackElo "2450"]
[PlyCount "31"]
[EventDate "2021.11.30"]
[EventType "tourn"]
[EventRounds "9"]
[EventCountry "SRB"]
[EventCategory "6"]
[SourceTitle "EXT 2023"]
[Source "ChessBase"]
[SourceDate "2022.10.05"]
[SourceVersion "1"]
[SourceVersionDate "2022.10.05"]
[SourceQuality "1"]

1. c4 e6 2. d4 Nf6 3. Nc3 Bb4 4. e3 0-0 5. Nge2 d5 6. a3 Be7 7. Nf4 b6 8. cxd5 exd5 9. Be2 Bb7 10. 0-0 Re8 11. b4 Nbd7 12. Rb1 Nf8 13. a4 c6 14. Bd2 Ng6 15. Nxg6 hxg6 16. Qb3 1/2-1/2

[Event "Novi Sad TS Mix 225th"]
[Site "Novi Sad"]
[Date "2021.11.26"]
[Round "6"]
[White "Lu, Miaoyi"]
[Black "Fernandez, Daniel"]
[Result "0-1"]
[WhiteElo "2241"]
[BlackElo "2450"]
[PlyCount "120"]
[EventDate "2021.11.22"]
[EventType "swiss"]
[EventRounds "9"]
[EventCountry "SRB"]
[SourceTitle "CBM 205 Extra"]
[Source "ChessBase"]
[SourceDate "2022.01.31"]
[SourceVersion "1"]
[SourceVersionDate "2022.01.31"]
[SourceQuality "1"]

1. e4 d5 2. exd5 Qxd5 3. Nc3 Qa5 4. d4 Nf6 5. Nf3 c6 6. Bc4 Bf5 7. Bd2 e6 8. 0-0 Qc7 9. Re1 Bd6 10. Ne5 Nbd7 11. Qe2 0-0 12. Bb3 Nd5 13. g4 Bg6 14. h4 Bxe5 15. dxe5 h6 16. h5 Bh7 17. g5 hxg5 18. Bxg5 Kh8 19. Nxd5 cxd5 20. Be7 Rg8 21. Bd6 Qd8 22. Qg4 Nf6 23. Qh4 Ne4 24. Qxd8 Rgxd8 25. Ba3 Nd2 26. Kg2 Be4+ 27. Kg3 Nf3 28. Re3 Nd4 29. Kf4 Bxc2 30. Bc5 Nxb3 31. axb3 d4 32. Re2 d3 33. Rd2 Rd5 34. Rxa7 Rxa7 35. Bxa7 Bxb3 36. Ke4 Bc2 37. b4 Kh7 38. Be3 f5+ 39. Kf4 Kh6 40. f3 Kxh5 41. Rg2 Kh6 42. Bd2 Rd4+ 43. Ke3 Rh4 44. f4 Rh3+ 45. Kd4 Bb3 46. Be3 Bd5 47. Rf2 Be4 48. Bd2 Kh5 49. Be3 Kg4 50. Bd2 Rh1 51. Be3 Re1 52. Rb2 Re2 53. Bd2 Rh2 54. Ra2 Kf3 55. Rb2 Rh8 56. Ra2 Rc8 57. b5 b6 58. Rb2 Rc5 59. Rb3 Rc2 60. Bc3 Ke2 0-1

[Event "Novi Sad TS Mix 225th"]
[Site "Novi Sad"]
[Date "2021.11.24"]
[Round "4"]
[White "Fernandez, Daniel"]
[Black "Panesar, Vedant"]
[Result "1/2-1/2"]
[WhiteElo "2450"]
[BlackElo "2291"]
[PlyCount "38"]
[EventDate "2021.11.22"]
[EventType "swiss"]
[EventRounds "9"]
[EventCountry "SRB"]
[SourceTitle "CBM 205 Extra"]
[Source "ChessBase"]
[SourceDate "2022.01.31"]
[SourceVersion "1"]
[SourceVersionDate "2022.01.31"]
[SourceQuality "1"]

1. Nf3 d5 2. e3 Nf6 3. c4 e6 4. Nc3 c5 5. cxd5 exd5 6. d4 a6 7. Be2 Nc6 8. 0-0 Bd6 9. dxc5 Bxc5 10. b3 0-0 11. Bb2 Ba7 12. Qc2 Qe7 13. Rad1 Rd8 14. Rfe1 Be6 15. Ng5 d4 16. Nxe6 dxe3 17. fxe3 Qxe6 18. Bc4 Qg4 19. Nd5 Ne4 1/2-1/2

[Event "Novi Sad TS Mix 225th"]
[Site "Novi Sad"]
[Date "2021.11.24"]
[Round "3"]
[White "Klukin, Kirill"]
[Black "Fernandez, Daniel"]
[Result "1/2-1/2"]
[WhiteElo "2346"]
[BlackElo "2450"]
[PlyCount "46"]
[EventDate "2021.11.22"]
[EventType "swiss"]
[EventRounds "9"]
[EventCountry "SRB"]
[SourceTitle "CBM 205 Extra"]
[Source "ChessBase"]
[SourceDate "2022.01.31"]
[SourceVersion "1"]
[SourceVersionDate "2022.01.31"]
[SourceQuality "1"]

1. d4 Nf6 2. c4 e6 3. Nc3 Bb4 4. Qc2 0-0 5. e4 d5 6. e5 Ne4 7. Bd3 c5 8. Nge2 cxd4 9. Nxd4 Nd7 10. Bf4 Qh4 11. g3 Qh3 12. 0-0-0 Nxc3 13. bxc3 Ba3+ 14. Kb1 dxc4 15. Bxc4 Nb6 16. Bf1 Qh5 17. Be2 Qh3 18. Nf3 Be7 19. Ng1 Qf5 20. Bd3 Qh5 21. Be2 Qg6 22. Bd3 Qh5 23. Be2 Qg6 1/2-1/2

[Event "Novi Sad Put Svile GM"]
[Site "Novi Sad"]
[Date "2021.07.24"]
[Round "10"]
[White "Popchev, Milko"]
[Black "Fernandez, Daniel"]
[Result "0-1"]
[WhiteElo "2241"]
[BlackElo "2440"]
[PlyCount "98"]
[EventDate "2021.07.19"]
[EventType "tourn"]
[EventRounds "10"]
[EventCountry "SRB"]
[EventCategory "6"]
[SourceTitle "EXT 2022"]
[Source "ChessBase"]
[SourceDate "2021.10.06"]
[SourceVersion "1"]
[SourceVersionDate "2021.10.06"]
[SourceQuality "1"]

1. g3 d5 2. Bg2 c6 3. b3 e5 4. Bb2 Bd6 5. f4 Qe7 6. fxe5 Bxe5 7. Bxe5 Qxe5 8. Nc3 Nf6 9. Nf3 Qe7 10. 0-0 0-0 11. Qe1 Bg4 12. Qf2 Nbd7 13. Nd4 c5 14. Nf5 Bxf5 15. Qxf5 d4 16. Ne4 Rae8 17. Nxf6+ Nxf6 18. Rae1 Qc7 19. Qf4 Qxf4 20. Rxf4 Re7 21. Bf3 Rd8 22. Kf2 b6 23. a4 Re5 24. g4 Rd6 25. h4 h6 26. Rg1 g6 27. g5 hxg5 28. Rxg5 Rxg5 29. hxg5 Nh7 30. Rg4 Re6 31. Kg3 Re5 32. Kh4 Kf8 33. Rg1 a5 34. Rg4 f6 35. gxf6 g5+ 36. Kh3 Nxf6 37. Rg1 Kg7 38. Kg3 Kg6 39. Kf2 Rf5 40. Ke1 g4 41. Bb7 Rh5 42. Rh1 Rxh1+ 43. Bxh1 Kg5 44. Kf2 Kf4 45. e3+ dxe3+ 46. dxe3+ Ke5 47. Bb7 Nd5 48. Bc8 g3+ 49. Kf3 g2 0-1

[Event "Novi Sad Put Svile GM"]
[Site "Novi Sad"]
[Date "2021.07.21"]
[Round "5"]
[White "Fernandez, Daniel"]
[Black "Popchev, Milko"]
[Result "1-0"]
[WhiteElo "2440"]
[BlackElo "2241"]
[PlyCount "65"]
[EventDate "2021.07.19"]
[EventType "tourn"]
[EventRounds "10"]
[EventCountry "SRB"]
[EventCategory "6"]
[SourceTitle "EXT 2022"]
[Source "ChessBase"]
[SourceDate "2021.10.06"]
[SourceVersion "1"]
[SourceVersionDate "2021.10.06"]
[SourceQuality "1"]

1. e4 e6 2. d4 d5 3. Nd2 dxe4 4. Nxe4 Bd7 5. Nf3 Bc6 6. Bd3 Bxe4 7. Bxe4 c6 8. 0-0 Nd7 9. c4 Bd6 10. b3 Ne7 11. Bb2 Ng6 12. Re1 0-0 13. g3 Re8 14. h4 Ngf8 15. Qc2 Qc7 16. Rad1 Rad8 17. Ng5 Nf6 18. Bg2 h6 19. Ne4 Nxe4 20. Rxe4 c5 21. dxc5 Bxc5 22. Rxd8 Rxd8 23. Rg4 e5 24. Bd5 Re8 25. Qe4 Re7 26. Kg2 b6 27. f4 Bd6 28. Qf5 Qd7 29. Qh5 Kh8 30. fxe5 Bxe5 31. Rxg7 Kxg7 32. Bxe5+ f6 33. Bf4 1-0

[Event "Novi Sad Put Svile GM"]
[Site "Novi Sad"]
[Date "2021.07.20"]
[Round "3"]
[White "Sedlak, Nikola"]
[Black "Fernandez, Daniel"]
[Result "1/2-1/2"]
[WhiteElo "2519"]
[BlackElo "2440"]
[PlyCount "65"]
[EventDate "2021.07.19"]
[EventType "tourn"]
[EventRounds "10"]
[EventCountry "SRB"]
[EventCategory "6"]
[SourceTitle "EXT 2022"]
[Source "ChessBase"]
[SourceDate "2021.10.06"]
[SourceVersion "1"]
[SourceVersionDate "2021.10.06"]
[SourceQuality "1"]

1. e4 c5 2. Nf3 d6 3. Bb5+ Nd7 4. d4 cxd4 5. Qxd4 a6 6. Bxd7+ Bxd7 7. c4 e5 8. Qd3 b5 9. Nc3 bxc4 10. Qxc4 Be6 11. Qc6+ Bd7 12. Qc4 Be6 13. Qd3 h6 14. 0-0 Nf6 15. Rd1 Be7 16. Ne1 0-0 17. Nc2 Qc7 18. Ne3 Rfc8 19. Ned5 Nxd5 20. Nxd5 Bxd5 21. Qxd5 Qc4 22. Be3 Qxd5 23. Rxd5 Rc2 24. Rd2 Rac8 25. Rad1 Rxd2 26. Bxd2 Rc2 27. Bc3 f6 28. Kf1 Kf7 29. Rd5 Ke6 30. Ra5 f5 31. f3 Rc1+ 32. Kf2 Rc2+ 33. Kf1 1/2-1/2

[Event "Belgrade Serbia op"]
[Site "Belgrade"]
[Date "2021.07.04"]
[Round "4"]
[White "Tisaj, Domen"]
[Black "Fernandez, Daniel"]
[Result "1/2-1/2"]
[WhiteElo "2293"]
[BlackElo "2440"]
[PlyCount "51"]
[EventDate "2021.07.02"]
[EventType "swiss"]
[EventRounds "9"]
[EventCountry "SRB"]
[SourceTitle "CBM 203 Extra"]
[Source "ChessBase"]
[SourceDate "2021.09.30"]
[SourceVersion "1"]
[SourceVersionDate "2021.09.30"]
[SourceQuality "1"]

1. d4 Nf6 2. c4 e6 3. g3 Bb4+ 4. Nd2 c5 5. a3 Bxd2+ 6. Qxd2 cxd4 7. Nf3 b6 8. Bg2 Bb7 9. 0-0 0-0 10. Qxd4 Nc6 11. Qh4 Na5 12. b4 Nb3 13. Rb1 Nxc1 14. Rbxc1 a5 15. Qd4 axb4 16. axb4 Ra4 17. Rb1 Be4 18. Rb2 Qc7 19. Ne5 Bxg2 20. Kxg2 d6 21. Nf3 Rc8 22. Rd1 d5 23. cxd5 Nxd5 24. e4 Nf6 25. Ne5 h6 26. f3 1/2-1/2

[Event "Charlotte CCCSA Memorial Day GM"]
[Site "Charlotte"]
[Date "2021.05.30"]
[Round "6"]
[White "Fernandez, Daniel"]
[Black "Paragua, Mark"]
[Result "1/2-1/2"]
[WhiteElo "2458"]
[BlackElo "2529"]
[PlyCount "31"]
[EventDate "2021.05.27"]
[EventType "tourn"]
[EventRounds "9"]
[EventCountry "USA"]
[EventCategory "8"]
[SourceTitle "CBM 203 Extra"]
[Source "ChessBase"]
[SourceDate "2021.09.30"]
[SourceVersion "1"]
[SourceVersionDate "2021.09.30"]
[SourceQuality "1"]

1. e4 c5 2. Nf3 d6 3. Bb5+ Nd7 4. d4 cxd4 5. Qxd4 a6 6. Bxd7+ Bxd7 7. c4 Nf6 8. Bg5 e6 9. Nc3 Be7 10. 0-0 Bc6 11. Rfd1 0-0 12. Qe3 Qa5 13. a3 Ng4 14. Qf4 Bxg5 15. Qxg5 Qxg5 16. Nxg5 1/2-1/2